<?xml version="1.0" encoding="UTF-8"?>
<record
    xmlns:xsi="http://www.w3.org/2001/XMLSchema-instance"
    xsi:schemaLocation="http://www.loc.gov/MARC21/slim http://www.loc.gov/standards/marcxml/schema/MARC21slim.xsd"
    xmlns="http://www.loc.gov/MARC21/slim">

  <leader>00956nam a2200253 a 4500</leader>
  <controlfield tag="001">000038834</controlfield>
  <controlfield tag="003">DO-SdBNP</controlfield>
  <controlfield tag="005">20250620143745.0</controlfield>
  <controlfield tag="007">ta</controlfield>
  <controlfield tag="008">130426s2021    dr a          000 0 spa d</controlfield>
  <datafield tag="020" ind1=" " ind2=" ">
    <subfield code="a">9789945221640</subfield>
  </datafield>
  <datafield tag="040" ind1=" " ind2=" ">
    <subfield code="a">DO-SdBNP</subfield>
    <subfield code="b">spa</subfield>
    <subfield code="c">BNPHU</subfield>
  </datafield>
  <datafield tag="082" ind1=" " ind2=" ">
    <subfield code="a">xxx</subfield>
    <subfield code="b">C352r</subfield>
  </datafield>
  <datafield tag="100" ind1="1" ind2=" ">
    <subfield code="a">Castillo Moya, Marcia</subfield>
    <subfield code="9">34500</subfield>
  </datafield>
  <datafield tag="245" ind1="1" ind2="0">
    <subfield code="a">Recu&#xE9;rdame quien soy cuando olvide d&#xF3;nde voy :</subfield>
    <subfield code="b">manual pr&#xE1;ctico dirigido a cuidadores de personas con alzheimer /</subfield>
    <subfield code="c">Marcia Castillo Moya, Jocelyn Dur&#xE1;n Taveras, Ivette Joga Alm&#xE1;nzar ; edici&#xF3;n y correcci&#xF3;n de estilo Eleanor Grimaldi Sili&#xE9;</subfield>
  </datafield>
  <datafield tag="260" ind1=" " ind2=" ">
    <subfield code="a">Santo Domingo :</subfield>
    <subfield code="b">B&#xFA;ho,</subfield>
    <subfield code="c">2021.</subfield>
  </datafield>
  <datafield tag="300" ind1=" " ind2=" ">
    <subfield code="a">34 p. :</subfield>
    <subfield code="c">29 cm.</subfield>
    <subfield code="g">il. ;</subfield>
  </datafield>
  <datafield tag="590" ind1=" " ind2=" ">
    <subfield code="a">Inventariado, 2022 / DG</subfield>
  </datafield>
  <datafield tag="700" ind1=" " ind2=" ">
    <subfield code="a">Dur&#xE1;n Taveras, Jocelyn</subfield>
    <subfield code="e">autora</subfield>
    <subfield code="9">81628</subfield>
  </datafield>
  <datafield tag="700" ind1=" " ind2=" ">
    <subfield code="a">Joga Alm&#xE1;nzar, Ivette</subfield>
    <subfield code="e">autora</subfield>
    <subfield code="9">81629</subfield>
  </datafield>
  <datafield tag="700" ind1=" " ind2=" ">
    <subfield code="a">Grimaldi Sili&#xE9;, Eleanor</subfield>
    <subfield code="e">edici&#xF3;n y correcci&#xF3;n de estilo</subfield>
    <subfield code="9">88158</subfield>
  </datafield>
  <datafield tag="910" ind1=" " ind2=" ">
    <subfield code="a">DG</subfield>
  </datafield>
  <datafield tag="942" ind1=" " ind2=" ">
    <subfield code="2">ddc</subfield>
    <subfield code="c">LF2</subfield>
  </datafield>
  <datafield tag="952" ind1=" " ind2=" ">
    <subfield code="0">0</subfield>
    <subfield code="1">0</subfield>
    <subfield code="2">ddc</subfield>
    <subfield code="5">1</subfield>
    <subfield code="7">0</subfield>
    <subfield code="8">MO</subfield>
    <subfield code="a">BNPHU</subfield>
    <subfield code="b">PD</subfield>
    <subfield code="c">CT</subfield>
    <subfield code="d">2022-05-17</subfield>
    <subfield code="l">0</subfield>
    <subfield code="o">xxx C352r</subfield>
    <subfield code="p">2022-2146</subfield>
    <subfield code="r">2022-05-17</subfield>
    <subfield code="w">2022-05-17</subfield>
    <subfield code="y">LF2</subfield>
  </datafield>
  <datafield tag="952" ind1=" " ind2=" ">
    <subfield code="0">0</subfield>
    <subfield code="1">0</subfield>
    <subfield code="2">ddc</subfield>
    <subfield code="5">1</subfield>
    <subfield code="7">0</subfield>
    <subfield code="8">MO</subfield>
    <subfield code="a">BNPHU</subfield>
    <subfield code="b">PD</subfield>
    <subfield code="c">CT</subfield>
    <subfield code="d">2022-05-17</subfield>
    <subfield code="l">0</subfield>
    <subfield code="o">xxx C352r</subfield>
    <subfield code="p">2022-2147</subfield>
    <subfield code="r">2022-05-17</subfield>
    <subfield code="t">e.2</subfield>
    <subfield code="w">2022-05-17</subfield>
    <subfield code="y">LF2</subfield>
  </datafield>
  <datafield tag="952" ind1=" " ind2=" ">
    <subfield code="0">0</subfield>
    <subfield code="1">0</subfield>
    <subfield code="2">ddc</subfield>
    <subfield code="5">6</subfield>
    <subfield code="7">0</subfield>
    <subfield code="8">MO</subfield>
    <subfield code="a">BNPHU</subfield>
    <subfield code="b">DO</subfield>
    <subfield code="c">CT</subfield>
    <subfield code="d">2022-05-17</subfield>
    <subfield code="l">0</subfield>
    <subfield code="o">xxx C352r</subfield>
    <subfield code="p">2022-2148</subfield>
    <subfield code="r">2022-05-17</subfield>
    <subfield code="t">e.3</subfield>
    <subfield code="w">2022-05-17</subfield>
    <subfield code="y">LF2</subfield>
  </datafield>
  <datafield tag="999" ind1=" " ind2=" ">
    <subfield code="c">51740</subfield>
    <subfield code="d">51740</subfield>
  </datafield>
</record>
